[Event "Bad Woerishofen op 19th"]
[Site "Bad Woerishofen"]
[Date "2003.03.13"]
[Round "1"]
[White "Lotsov Har Zahav, Avraham"]
[Black "Lieb, Harald"]
[Result "0-1"]
[WhiteElo "2039"]
[BlackElo "2336"]
[PlyCount "88"]
[EventDate "2003.03.13"]
[EventType "swiss"]
[EventRounds "9"]
[EventCountry "GER"]
[SourceTitle "CBM 093 Extra"]
[Source "ChessBase"]
[SourceDate "2003.05.09"]
[SourceVersion "1"]
[SourceVersionDate "2003.05.09"]
[SourceQuality "1"]

1. e4 e6 2. d4 d5 3. exd5 exd5 4. c4 Nf6 5. Nc3 Be7 6. cxd5 Nxd5 7. Bd3 Be6 8. Nge2 Nc6 9. 0-0 0-0 10. Nxd5 Bxd5 11. Nf4 g6 12. Be3 Bf6 13. Qa4 a6 14. Rfc1 Ne7 15. Nxd5 Nxd5 16. Be4 c6 17. Bxd5 Qxd5 18. Rc5 Qe4 19. Qb3 Bxd4 20. Rc4 c5 21. Bxd4 cxd4 22. Rd1 Rad8 23. Qd3 Rfe8 24. Qxe4 Rxe4 25. Kf1 Rd5 26. g3 b5 27. Rb4 a5 28. f3 Re3 29. Rbxd4 Rxd4 30. Rxd4 Rxf3+ 31. Ke2 Rf5 32. b4 a4 33. g4 Re5+ 34. Kd2 h5 35. h3 Kg7 36. a3 Kf6 37. Rd6+ Ke7 38. Rb6 hxg4 39. hxg4 Kf8 40. Rc6 Kg7 41. Rc5 Kf6 42. Rc6+ Kg5 43. Rc5 Kf4 44. Rc7 f5 0-1

[Event "Wch Seniors 13th"]
[Site "Bad Zwischenahn"]
[Date "2003.??.??"]
[Round "?"]
[White "Lotsov Har Zahav, Avraham"]
[Black "Plassmann, Florenz"]
[Result "0-1"]
[WhiteElo "2030"]
[BlackElo "1860"]
[PlyCount "98"]
[EventDate "2003.11.16"]
[EventType "swiss"]
[EventRounds "11"]
[EventCountry "GER"]
[SourceTitle "CBM 097 Extra"]
[Source "ChessBase"]
[SourceDate "2004.01.13"]
[SourceVersion "1"]
[SourceVersionDate "2004.01.13"]
[SourceQuality "1"]

1. e4 e5 2. Nf3 Nc6 3. d4 exd4 4. Nxd4 Bc5 5. Nb3 Bb6 6. Bd3 d6 7. a4 a6 8. 0-0 Qh4 9. N1d2 Bg4 10. Qe1 Ne5 11. Be2 Nf6 12. a5 Ba7 13. Bxg4 Nfxg4 14. h3 h5 15. Kh1 Nxf2+ 16. Rxf2 Bxf2 17. Qe2 Ba7 18. Nf1 Qf2 19. Qxf2 Bxf2 20. Be3 Bxe3 21. Nxe3 0-0-0 22. Nd4 Nc6 23. Nxc6 bxc6 24. Nf5 g6 25. Nd4 Kd7 26. Nf3 Rb8 27. b3 Rb4 28. Rf1 Rf8 29. e5 Re4 30. exd6 cxd6 31. Ng5 Re7 32. Rf4 f5 33. Rb4 Kc7 34. Rb6 Ra8 35. Nf3 Re2 36. Nd4 Re1+ 37. Kh2 c5 38. Nf3 Ra1 39. b4 cxb4 40. Rxb4 Rxa5 41. Ng5 Re5 42. Rc4+ Kd7 43. Kg3 a5 44. Ra4 Kc6 45. c4 Re3+ 46. Kf4 Rb3 47. Ra1 a4 48. Nf3 Rd3 49. Kg5 a3 0-1

[Event "Wch Seniors 13th"]
[Site "Bad Zwischenahn"]
[Date "2003.??.??"]
[Round "?"]
[White "Stuerzenbaum, Arthur"]
[Black "Lotsov Har Zahav, Avraham"]
[Result "1/2-1/2"]
[WhiteElo "2185"]
[BlackElo "2030"]
[PlyCount "72"]
[EventDate "2003.11.16"]
[EventType "swiss"]
[EventRounds "11"]
[EventCountry "GER"]
[SourceTitle "CBM 097 Extra"]
[Source "ChessBase"]
[SourceDate "2004.01.13"]
[SourceVersion "1"]
[SourceVersionDate "2004.01.13"]
[SourceQuality "1"]

1. e4 c5 2. Nf3 Nc6 3. d4 cxd4 4. Nxd4 Nf6 5. Nc3 e5 6. Ndb5 d6 7. Bg5 a6 8. Na3 b5 9. Bxf6 gxf6 10. Nd5 f5 11. exf5 Bxf5 12. c3 Bg7 13. Nc2 0-0 14. Nce3 Be6 15. Bd3 f5 16. Qh5 e4 17. Bc2 Ne5 18. Rd1 Rf7 19. Nf4 Qe7 20. Ned5 Bxd5 21. Nxd5 Qa7 22. 0-0 Kh8 23. Rfe1 Rg8 24. Re2 Ng6 25. Bb3 Rff8 26. Kh1 Be5 27. Qh6 Rg7 28. Qe3 Qb8 29. g3 Qd8 30. Rf1 Ne7 31. Nxe7 Qxe7 32. f4 exf3 33. Qxf3 Qg5 34. Rg2 h5 35. Bc2 Rgf7 36. a3 a5 1/2-1/2

[Event "Wch Seniors 12th"]
[Site "Naumburg"]
[Date "2002.10.31"]
[Round "9"]
[White "Simon, Eberhard"]
[Black "Lotsov Har Zahav, Avraham"]
[Result "1/2-1/2"]
[WhiteElo "1819"]
[BlackElo "2072"]
[PlyCount "85"]
[EventDate "2002.10.21"]
[EventType "swiss"]
[EventRounds "11"]
[EventCountry "GER"]
[SourceTitle "EXT 2006"]
[Source "ChessBase"]
[SourceDate "2005.11.24"]
[SourceVersion "1"]
[SourceVersionDate "2005.11.24"]
[SourceQuality "1"]

1. e4 d5 2. exd5 Qxd5 3. Nc3 Qa5 4. d4 Nf6 5. Bc4 Bg4 6. Nf3 Nc6 7. 0-0 0-0-0 8. Be3 e5 9. d5 Nb4 10. h3 Nbxd5 11. Nxd5 Nxd5 12. Bxd5 Rxd5 13. Qe2 Bh5 14. g4 Bg6 15. Rfd1 Bd6 16. Rxd5 Qxd5 17. c4 Qa5 18. Bd2 Qb6 19. Bc3 f6 20. a3 Qc6 21. Re1 h5 22. g5 h4 23. gxf6 gxf6 24. Nxe5 Bxe5 25. Qg4+ Qd7 26. Qxg6 Qe6 27. Rxe5 Qg8 28. Rg5 fxg5 29. Qf5+ Kb8 30. Bxh8 Qxh8 31. Qxg5 a6 32. Qd2 Qg8+ 33. Kh2 Qxc4 34. f4 Qb3 35. Qf2 b5 36. f5 Qd5 37. f6 Qe5+ 38. Kh1 Qd5+ 39. Kg1 Qd1+ 40. Kh2 Qd6+ 41. Kg1 Qd1+ 42. Kh2 Qd6+ 43. Kg1 1/2-1/2

[Event "Wch Seniors 12th"]
[Site "Naumburg"]
[Date "2002.10.28"]
[Round "6"]
[White "Lotsov Har Zahav, Avraham"]
[Black "Zhelesny, Stanislav"]
[Result "0-1"]
[WhiteElo "2072"]
[BlackElo "2229"]
[PlyCount "150"]
[EventDate "2002.10.21"]
[EventType "swiss"]
[EventRounds "11"]
[EventCountry "GER"]
[SourceTitle "EXT 2006"]
[Source "ChessBase"]
[SourceDate "2005.11.24"]
[SourceVersion "1"]
[SourceVersionDate "2005.11.24"]
[SourceQuality "1"]

1. e4 d5 2. exd5 Qxd5 3. Nc3 Qd8 4. Nf3 Nf6 5. d4 g6 6. Be2 Bg7 7. 0-0 0-0 8. Bf4 c6 9. Qd2 Bg4 10. h3 Bf5 11. Bd3 Bxd3 12. Qxd3 Nbd7 13. Rfe1 Re8 14. Rad1 Nb6 15. Ne5 Nfd5 16. Nxd5 Nxd5 17. Bh2 e6 18. Nc4 Bf8 19. c3 Rc8 20. Qf3 Qf6 21. Qxf6 Nxf6 22. Be5 Nd5 23. Ne3 b5 24. Ng4 Be7 25. Rd3 h5 26. Ne3 f6 27. Nxd5 cxd5 28. Bf4 Kf7 29. Bd2 a5 30. Rde3 Bd6 31. g4 hxg4 32. hxg4 Bf4 33. R3e2 Bxd2 34. Rxd2 Rh8 35. Rde2 Rce8 36. Kg2 Rh4 37. Kg3 g5 38. a3 a4 39. Re3 Rh7 40. R3e2 Rh6 41. Kg2 Rhh8 42. Kg3 Rh6 43. Re3 Re7 44. R3e2 Rh8 45. Re3 Rhe8 46. f4 gxf4+ 47. Kxf4 Rh8 48. R1e2 Ree8 49. Kg3 Rh7 50. Kf4 Rh1 51. Rf3 Reh8 52. Rfe3 Rf1+ 53. Rf3 Rxf3+ 54. Kxf3 Rh3+ 55. Kf4 Ke7 56. Rg2 Kd6 57. g5 fxg5+ 58. Kxg5 e5 59. dxe5+ Kxe5 60. Rg4 Kd6 61. Rb4 Kc5 62. Kf5 Rd3 63. Ke5 Re3+ 64. Kf5 Re2 65. b3 axb3 66. Rxb3 Kc4 67. Rb4+ Kxc3 68. Rxb5 d4 69. Rb8 d3 70. Rc8+ Kb2 71. Rb8+ Kc1 72. Rd8 d2 73. Rc8+ Kd1 74. Rh8 Re1 75. Kf4 Kc1 0-1